000 01638nam a22003497a 4500
005 20111003164314.0
008 111003t xxu||||| |||| 00| 0 eng d
010 _aENG-103860
020 _a9788125043256
_c550.00
035 _aEN-87393
037 _bDBAD/PUB
040 _aDPL
_bEng
082 0 0 _a323.17
_222
245 0 0 _aNew world of indigenous resistance :
_bNoam Chomsky and voices from North, South, and Central America /
_cedited by Lois Meyer and Benjamín Maldonado Alvarado
260 _aNew Delhi
_bOrient Blackswan
_c2011
270 _a1/24, Asaf Ali Road
_bNew Delhi
_e110002
300 _a416 p.
_c22cm (pbk)
490 1 _aOpen media series
_935205
500 _aIncludes bibliographical references and index.
600 1 0 _aChomsky, Noam.
_935206
600 1 0 _aChomsky, Noam
_vInterviews.
_935207
650 0 _aIndigenous peoples
_zAmerica
_xPolitics and government.
_935208
650 0 _aIndigenous peoples
_zAmerica
_xGovernment relations.
_935209
650 0 _aGovernment, Resistance to
_zAmerica
_xHistory.
_935210
700 1 _aMeyer, Lois
_935211
700 1 _aMaldonado Alvarado, Benjamín
_935212
830 0 _aOpen Media book.
_935213
856 4 2 _3Publisher description
_uhttp://www.loc.gov/catdir/enhancements/fy1012/2010001368-d.html
942 _2ddc
_cEN
_h323.17
_mNEW
999 _c57245
_d57245